000 01079nam a22002417a 4500
999 _c65474
_d65474
005 20240530110826.0
008 190805s2018 ua a g b 000 0 ara d
017 _a2017/27587
_bمصر . دار الكتب المصرية
020 _a9789779115924
040 _aEG-CaGPL
082 0 4 _221
_a953.0738
_bق/ن ت
100 0 _aنورا عبدالعظيم عثمان حجازى
245 1 0 _aتاريخ قنا فى العصر الفاطمى :
_b( 358 - 567 هـ / 968 - 1171 م ) /
_cنورا عبدالعظيم عثمان حجازى
250 _aط.1
260 _aالقاهرة :
_bالهيئة المصرية العامة للكتاب،
_c2018
300 _a263 ص. :
_bايض. ؛
_c24 سم.
504 _aيشتمل على ارجاعات ببليوجرافية
651 0 7 _aقنا
_xتاريخ
_yالعصر الفاطمى
651 0 7 _aقنا
_xالاحوال الثقافية
_yالعصر الفاطمى
651 0 7 _aقنا
_xالاحوال الاقتصادية
_yالعصر الفاطمى
942 _2ddc
_cBK